| 000 | 01442cam a22004214i 4500 | ||
|---|---|---|---|
| 003 | PE-LiUPU | ||
| 005 | 20250805180640.0 | ||
| 008 | 150625s r 000 0 d | ||
| 035 | _a(Sirsi) a31232 | ||
| 040 |
_aPE-LiUPU _bspa _cPE-LiUPU _erda |
||
| 082 | 0 | 4 |
_a227.9 _bR649e _223 |
| 100 | 1 |
_aRobertson, Archibald Thomas, _eautor. |
|
| 245 | 1 | 4 |
_aLas epistolas Universales y El Apocalipsis de Juan / _cArchibald Thomas Robertson. |
| 300 |
_a516 páginas : _c22.5 cm |
||
| 336 |
_atext _2rdacontent |
||
| 337 |
_aunmediated _2rdamedia |
||
| 338 |
_avolume _2rdacarrier |
||
| 490 | 0 |
_aImágenes verbales en el Nuevo Testamento ; _v6 |
|
| 526 | _aSEG42 | ||
| 526 | _aSEG41 | ||
| 526 | _aSEG40 | ||
| 526 | _aSEG39 | ||
| 526 | _aP94 | ||
| 526 | _aP87 | ||
| 526 | _aP86 | ||
| 526 | _aP85 | ||
| 526 | _aP77 | ||
| 526 | _aP76 | ||
| 526 | _aP35 | ||
| 630 | 1 | 4 |
_aBiblia. _pEpistolas Universales _xCrítica, interpretación, etc. _96421 |
| 630 | 1 | 4 |
_aBiblia. _pApocalipsis _xCrítica, interpretación, etc. _91336 |
| 942 |
_2ddc _cBK |
||
| 949 |
_wDEWEY _c1 _i31919 _lCCODEBUL1 _mBUL _p00.00 _r0 _sY _tBOOK _u2015-06-25 _xBIBLIOTECA _zUNKNOWN _0COMPRA _o.STAFF. Colección General |
||
| 949 |
_a225.75 R71 6 _wDEWEY _c2 _i34893 _lCCODEBUL1 _mBUL _p00.00 _r0 _sY _tBOOK _u2015-06-25 _xBIBLIOTECA _zUNKNOWN _0COMPRA _o.STAFF. Colección General |
||
| 980 |
_818226 _gJaime Vilcazán Jefe de Análisis Documental |
||
| 999 |
_c38764 | 2 _d38764 |
||